Vybrané problémy duševného vlastníctva - nástroj zvyšovania výkonnosti a konkurencieschopnosti podnikov

Dimenzie vnímania podstaty duševného vlastníctva. Vybrané úrovne pohľadu na podstatu duševného vlastníctva. Výsledky prieskumu - názory na obsah pojmu duševné vlastníctvo. Transfer technológií. Inovačná aktivita podnikov z hľadiska svetového porovnania.

Saved in:
Bibliographic Details
Main Author: Matušovič, Martin
Format: Book Chapter
Language:Slovak
Subjects:
Tags: Add Tag
No Tags, Be the first to tag this record!

MARC

LEADER 00000nla a2200000 4500
001 0198171
005 20240522123124.1
041 0 |a slo 
044 |a SK 
245 1 0 |a Vybrané problémy duševného vlastníctva - nástroj zvyšovania výkonnosti a konkurencieschopnosti podnikov  |c Martin Matušovič 
520 |a Dimenzie vnímania podstaty duševného vlastníctva. Vybrané úrovne pohľadu na podstatu duševného vlastníctva. Výsledky prieskumu - názory na obsah pojmu duševné vlastníctvo. Transfer technológií. Inovačná aktivita podnikov z hľadiska svetového porovnania. 
610 2 0 |a vlastníctvo duševné 
610 2 0 |a pojmy 
610 2 0 |a prieskum 
610 2 0 |a transfer technológie 
610 2 0 |a podnik 
610 2 0 |a inovácia 
610 2 0 |a porovnanie medzinárodné 
100 1 |a Matušovič, Martin